000 00352 a2200169 4500
001 186882
020 _a85-16-01185-2
040 _cMagnum
100 _aPorto, Cristina
240 1 0 _aDa cabeca aos pes
_lpor
245 1 0 _aDa cabeca aos pes
300 _a31
362 0 _a1995
440 1 _aModerna
697 _aLITERATURA INFANTO
942 _cBK
999 _c186882
_d186882